| 000 | 00403nam a2200145Ia 4500 | ||
|---|---|---|---|
| 008 | 090124s9999 xx 000 0 und d | ||
| 082 | _b203535 | ||
| 245 | _aSTORIES FROM SIKH HISTORY BOOK -1 | ||
| 250 | _a1 | ||
| 260 |
_b"SINGH KARTAR,DHILLON SINGH GUDIAL" _c1991 |
||
| 300 | _a108 | ||
| 630 | _aSTORIES FROM SIKH HISTORY BOOK -1 | ||
| 730 | _aSTORIES FROM SIKH HISTORY BOOK -1 | ||
| 942 | _cBOOK | ||
| 999 |
_c185116 _d185116 |
||